000 00645nam a2200193Ia 4500
003 GCL
008 140319s9999 xx 000 0 ara d
040 _aGCL /
_cGCL
082 0 4 _a382.9141
_bس س
100 1 _aسليمان المنذرى
245 1 0 _aالسوق العربية المشتركة فى عصر العولمة /
_cسليمان المنذرى
260 _aالقاهرة :
_bمكتبة مدبولى ،
_c1999
300 _a276 ص ؛
_c24 سم
490 _a
650 0 4 _aالسوق العربية المشتركة
650 0 4 _aالعولمة
650 0 4 _aالعالم العربى - اقتصاديات
942 _2ddc
_cBK
999 _c52292
_d52292